000 00332nam a22001577a 4500
005 20160701114019.0
008 160701b xxu||||| |||| 00| 0 eng d
041 _aeng
082 _b20327
100 _aTittel ED
_93377
245 _aXML
260 _bTMH
300 _a201
650 _aInformation Technology
_9137
942 _cBK
999 _c5053
_d5051